[Event "Ontario op"]
[Site "Toronto CAN"]
[Date "2024.05.19"]
[Round "4.5"]
[White "Joseph Benher, Savio"]
[Black "Duong, Thanh Nha"]
[Result "1-0"]
[WhiteElo "2044"]
[BlackElo "2157"]
[PlyCount "165"]
[EventDate "2024.05.18"]
[EventType "swiss"]
[EventRounds "6"]
[EventCountry "CAN"]
[Source "ChessMix"]
[SourceDate "2024.06.01"]

1. e4 e5 2. Nf3 Nf6 3. Nxe5 d6 4. Nf3 Nxe4 5. d4 d5 6. Bd3 Bd6 7. O-O O-O 8. c4
c6 9. Nc3 Nxc3 10. bxc3 dxc4 11. Bxc4 Bf5 12. Bd3 Bxd3 13. Qxd3 Nd7 14. Rd1 Re8
15. Be3 Qe7 16. a4 Nf6 17. Bg5 Bc7 18. a5 h6 19. Bh4 g5 20. Bg3 Bxg3 21. hxg3
Qe4 22. Qc4 Qd5 23. Qb4 Rab8 24. c4 Qf5 25. Qb2 Re7 26. Re1 Rbe8 27. Rxe7 Rxe7
28. a6 b6 29. Ne5 Re6 30. Nf3 Ng4 31. Rd1 Nf6 32. Qa2 Qe4 33. Qd2 Qe2 34. Qxe2
Rxe2 35. Ne5 c5 36. Kf1 Re4 37. Nc6 Nd7 38. Nxa7 Nb8 39. d5 Nxa6 40. d6 Nb8 41.
d7 Nxd7 42. Rxd7 Rxc4 43. Rb7 Rc1+ 44. Ke2 Rb1 45. Rc7 Rb2+ 46. Kf3 f5 47. Rd7
c4 48. Nc6 b5 49. Ne5 c3 50. Rc7 b4 51. Nd3 Rb3 52. Ke3 Rb1 53. Rc4 Rg1 54.
Nxb4 Rxg2 55. Rxc3 f4+ 56. gxf4 gxf4+ 57. Kf3 Rh2 58. Rc7 Rh3+ 59. Kg2 Rb3 60.
Nd5 f3+ 61. Kg3 Kf8 62. Ne3 Rb6 63. Kxf3 Rf6+ 64. Kg3 Rg6+ 65. Kf4 Kg8 66. Ke5
h5 67. f4 h4 68. f5 Rg3 69. Nd5 h3 70. Nf6+ Kf8 71. Rh7 Re3+ 72. Kf4 Ra3 73.
Ne4 Kg8 74. Rh5 Kg7 75. Ng3 Kf6 76. Rh6+ Kg7 77. Rxh3 Kf7 78. Rh7+ Kg8 79. Rb7
Rc3 80. Ne4 Rc1 81. Kg5 Rg1+ 82. Kf6 Kh8 83. Rb8+ 1-0

[Event "Ontario op"]
[Site "Toronto CAN"]
[Date "2024.05.20"]
[Round "5.8"]
[White "Duong, Thanh Nha"]
[Black "Lin, Leo"]
[Result "0-1"]
[WhiteElo "2157"]
[BlackElo "2011"]
[PlyCount "102"]
[EventDate "2024.05.18"]
[EventType "swiss"]
[EventRounds "6"]
[EventCountry "CAN"]
[Source "ChessMix"]
[SourceDate "2024.06.01"]

1. d4 Nf6 2. Nc3 d6 3. e4 e5 4. Nf3 exd4 5. Nxd4 Be7 6. Be2 O-O 7. O-O Re8 8.
Re1 Bf8 9. Bf1 c6 10. a4 Nbd7 11. Bg5 h6 12. Bh4 Ne5 13. a5 a6 14. h3 Bd7 15.
Nb3 Be6 16. Nd2 Ng6 17. Bg3 d5 18. e5 Nd7 19. f4 Bc5+ 20. Kh1 f5 21. Nb3 Ba7
22. Qh5 Kh7 23. Rad1 Ngf8 24. Bh4 g6 25. Bxd8 gxh5 26. Bh4 Ng6 27. Bg3 h4 28.
Bh2 Bf2 29. Re2 Bg3 30. Bxg3 hxg3 31. Re3 Nxf4 32. Rxg3 Nxe5 33. Re1 Nfg6 34.
Nc5 Bf7 35. Ne2 Nc4 36. Ra1 Nd2 37. Nc3 Ne5 38. Bd3 Nxd3 39. Rxd3 Ne4 40. N3xe4
fxe4 41. Rb3 Re7 42. Nxb7 d4 43. Rb6 Bd5 44. Nd6 Rf8 45. Kg1 e3 46. c4 d3 47.
Rb3 e2 48. Rxd3 Bxg2 49. Kxg2 Rg7+ 50. Rg3 Rxg3+ 51. Kxg3 Rf1 0-1

[Event "Germain Laplante op"]
[Site "Chambly CAN"]
[Date "2024.04.26"]
[Round "1.9"]
[White "Duong, Thanh Nha"]
[Black "St-Germain, Jack"]
[Result "1-0"]
[WhiteElo "2293"]
[BlackElo "1898"]
[PlyCount "76"]
[EventDate "2024.04.26"]
[EventType "swiss"]
[EventRounds "5"]
[EventCountry "CAN"]

1. c4 e5 2. g3 Nf6 3. Bg2 d5 4. cxd5 Nxd5 5. Nc3 Nb6 6. Nf3 Nc6 7. O-O Be7 8.
d3 O-O 9. a3 Be6 10. b4 a5 11. b5 Nd4 12. Nxd4 exd4 13. Na4 Bd5 14. Nxb6 Bxg2
15. Nxa8 Bxf1 16. Qxf1 Qxa8 17. Bf4 c6 18. bxc6 bxc6 19. Qc1 Qa6 20. Rb1 Rc8
21. Qb2 Qb5 22. Qxb5 cxb5 23. Rxb5 Bxa3 24. Rxa5 Bc5 25. Kg2 g6 26. g4 Rc6 27.
Be5 f5 28. gxf5 gxf5 29. Kf3 Kf7 30. Ra4 Rh6 31. Rc4 Bb6 32. Rb4 Bc5 33. Rb5
Rc6 34. Rb7+ Kg6 35. Rg7+ Kh6 36. Rd7 Kg6 37. Bxd4 Bxd4 38. Rxd4 Kg5 1-0

[Event "Germain Laplante op"]
[Site "Chambly CAN"]
[Date "2024.04.27"]
[Round "2.8"]
[White "Filion, Samuel"]
[Black "Duong, Thanh Nha"]
[Result "0-1"]
[WhiteElo "1804"]
[BlackElo "2293"]
[PlyCount "138"]
[EventDate "2024.04.26"]
[EventType "swiss"]
[EventRounds "5"]
[EventCountry "CAN"]

1. e4 e5 2. Nf3 Nf6 3. Nxe5 d6 4. Nf3 Nxe4 5. Qe2 Qe7 6. Nc3 Nxc3 7. Qxe7+ Bxe7
8. dxc3 O-O 9. Bd3 Bg4 10. Nd4 Bf6 11. O-O Nd7 12. h3 Be6 13. Nxe6 fxe6 14. Be3
a6 15. a4 c5 16. Be2 d5 17. Rfd1 Rad8 18. a5 c4 19. Bf3 Ne5 20. Be2 Be7 21. Bd4
Nc6 22. Bg4 Kf7 23. Re1 Nxd4 24. cxd4 Rd6 25. Re2 Re8 26. c3 g6 27. Ree1 h5 28.
Bd1 Rb8 29. g4 hxg4 30. Bxg4 Bh4 31. Re2 Re8 32. Rae1 Bd8 33. Ra1 Kf6 34. f4
Bc7 35. Kg2 Rd7 36. Kf3 Rd6 37. Re3 Rc6 38. Re2 Ke7 39. Ke3 Rf8 40. Rf2 Rd6 41.
Rff1 Rdd8 42. Rf3 Rf6 43. Re1 Bxa5 44. Kf2 Bc7 45. f5 gxf5 46. Bxf5 Rdf8 47.
Bg4 Rxf3+ 48. Bxf3 Kf6 49. Kg2 b5 50. Bg4 Re8 51. Rf1+ Ke7 52. Re1 Kd6 53. h4
Bd8 54. h5 a5 55. Bf5 b4 56. Bc2 bxc3 57. bxc3 Bg5 58. Ra1 Bd2 59. Ra3 Ke7 60.
Kf3 Ra8 61. Ke2 Bc1 62. Ra2 Kf6 63. Kf3 Kg5 64. Bg6 a4 65. Rc2 Ba3 66. Re2 Kf6
67. Kg4 Bc1 68. Rf2+ Ke7 69. Rc2 Bh6 0-1

[Event "Germain Laplante op"]
[Site "Chambly CAN"]
[Date "2024.04.27"]
[Round "3.4"]
[White "Duong, Thanh Nha"]
[Black "Lalonde, Olivier"]
[Result "1-0"]
[WhiteElo "2293"]
[BlackElo "1853"]
[PlyCount "47"]
[EventDate "2024.04.26"]
[EventType "swiss"]
[EventRounds "5"]
[EventCountry "CAN"]

1. b3 e5 2. Bb2 Nc6 3. c4 g6 4. g3 Bg7 5. Bg2 f5 6. e3 Nb4 7. d3 Qe7 8. Ba3
Nxd3+ 9. Qxd3 e4 10. Qc2 Qe5 11. Ne2 Qxa1 12. Nd4 Bxd4 13. exd4 Ne7 14. O-O Nc6
15. Bb2 Qxa2 16. d5 Nb4 17. Qc3 Rf8 18. Qe5+ Kf7 19. Qg7+ Ke8 20. Bxe4 Rf7 21.
Qh8+ Rf8 22. Qe5+ Kf7 23. Qg7+ Ke8 24. Re1 1-0

[Event "Germain Laplante op"]
[Site "Chambly CAN"]
[Date "2024.04.28"]
[Round "5.1"]
[White "Migot, Tangi"]
[Black "Duong, Thanh Nha"]
[Result "1-0"]
[WhiteElo "2467"]
[BlackElo "2293"]
[PlyCount "85"]
[EventDate "2024.04.26"]
[EventType "swiss"]
[EventRounds "5"]
[EventCountry "CAN"]

1. Nf3 d5 2. g3 Nc6 3. d4 Bf5 4. Bg2 Nb4 5. Na3 e6 6. Nh4 Bg6 7. c3 Nc6 8. Qb3
Rb8 9. Nxg6 hxg6 10. e4 dxe4 11. Bxe4 Nf6 12. Bg2 Be7 13. Nc4 Nd5 14. Ne3 Nxe3
15. Bxe3 Bf6 16. h4 a6 17. d5 exd5 18. Bxd5 O-O 19. O-O-O Qc8 20. h5 gxh5 21.
Rxh5 Qg4 22. Rdh1 g6 23. Rh7 Bg7 24. Bc5 Na5 25. Bxf7+ Rxf7 26. Rxg7+ Kxg7 27.
Rh7+ Kxh7 28. Qxf7+ Kh6 29. Be3+ g5 30. f4 Rg8 31. Qxg8 Qxg3 32. fxg5+ Kh5 33.
Qf7+ Kg4 34. Qe6+ Kh5 35. Bd2 Nc6 36. Qf5 Qe5 37. Qf7+ Kh4 38. g6 Qe4 39. Qf6+
Kg3 40. Qg5+ Kf2 41. b3 Ne5 42. Qe3+ Qxe3 43. Bxe3+ 1-0

[Event "Quebec-ch Senior"]
[Site "Montreal CAN"]
[Date "2024.04.19"]
[Round "1.2"]
[White "Duong, Thanh Nha"]
[Black "Chevalier, Francois"]
[Result "1-0"]
[WhiteElo "2324"]
[BlackElo "1722"]
[PlyCount "79"]
[EventDate "2024.04.19"]
[EventType "swiss"]
[EventRounds "5"]
[EventCountry "CAN"]

1. d4 Nf6 2. Nf3 e6 3. g3 d5 4. Bg2 Be7 5. c4 dxc4 6. Qa4+ Bd7 7. Qxc4 Bc6 8.
O-O O-O 9. Nc3 a6 10. Qd3 Nbd7 11. Rd1 b5 12. a3 Bb7 13. e4 c5 14. d5 c4 15.
Qc2 exd5 16. e5 Ne4 17. Nxd5 Bxd5 18. Rxd5 Nec5 19. Be3 Qc7 20. Rad1 Rad8 21.
Bg5 Nb6 22. Bxe7 Qxe7 23. Rd6 Rxd6 24. Rxd6 Nc8 25. Rd4 Nb6 26. Qf5 Qe6 27.
Qxe6 Nxe6 28. Rd6 Rb8 29. Bh3 Nc5 30. Nd4 Nca4 31. Nc6 Re8 32. Nd4 g6 33. f4
Re7 34. Kf2 Rc7 35. f5 c3 36. bxc3 Rxc3 37. f6 h5 38. Rd8+ Kh7 39. e6 Nc5 40.
exf7 1-0

[Event "Quebec-ch Senior"]
[Site "Montreal CAN"]
[Date "2024.04.20"]
[Round "2.2"]
[White "Landry, Sylvain"]
[Black "Duong, Thanh Nha"]
[Result "1-0"]
[WhiteElo "1858"]
[BlackElo "2324"]
[Annotator ",hugh_brodie@hotmail."]
[PlyCount "121"]
[EventDate "2024.04.19"]
[EventType "swiss"]
[EventRounds "5"]
[EventCountry "CAN"]

1. e4 e5 2. Bc4 Nf6 3. d3 c6 4. Nf3 d5 5. Bb3 Nbd7 6. O-O Bd6 7. exd5 Nxd5 8.
d4 O-O 9. c4 N5f6 10. c5 Bc7 11. Nc3 exd4 12. Qxd4 Qe7 13. Bg5 Nxc5 14. Bxf6
gxf6 15. Bc2 f5 16. Rfe1 Ne6 17. Qd3 Qf6 18. Qxf5 Qxf5 19. Bxf5 Ng5 20. Nxg5
Bxf5 21. Re7 Rac8 22. Rae1 h6 23. Nf3 Rfd8 24. R7e2 Bg4 25. Re4 Bxf3 26. gxf3
Rd2 27. Rg4+ Kf8 28. Ne4 f5 29. Nxd2 fxg4 30. fxg4 Bf4 31. Ne4 c5 32. Nf6 Rd8
33. Re4 Bg5 34. Nh7+ Kf7 35. Nxg5+ hxg5 36. Re5 b6 37. Rxg5 Rd2 38. h4 Rxb2 39.
h5 c4 40. h6 c3 41. Rg7+ Kf8 42. Rc7 Kg8 43. Rxc3 Rb4 44. f3 Kh7 45. Rc7+ Kxh6
46. Rxa7 Rb2 47. a4 Kg5 48. Kf1 Ra2 49. Rb7 Kf4 50. Rf7+ Kg3 51. g5 Ra1+ 52.
Ke2 Ra2+ 53. Kd3 Ra3+ 54. Kc2 Kh4 55. g6 Ra2+ 56. Kb3 Rg2 57. g7 Kh5 58. Kb4
Kh6 59. Kb5 Rb2+ 60. Kc6 Rg2 61. f4 {etc (73)} 1-0

[Event "Quebec-ch Senior"]
[Site "Montreal CAN"]
[Date "2024.04.20"]
[Round "3.3"]
[White "Cloutier, Eric"]
[Black "Duong, Thanh Nha"]
[Result "0-1"]
[WhiteElo "1711"]
[BlackElo "2324"]
[PlyCount "105"]
[EventDate "2024.04.19"]
[EventType "swiss"]
[EventRounds "5"]
[EventCountry "CAN"]

1. e4 c5 2. Nc3 e6 3. g3 d5 4. d3 Nc6 5. Bg2 Nf6 6. Nh3 dxe4 7. Nxe4 Nxe4 8.
Bxe4 e5 9. Bg2 h5 10. Ng5 Be7 11. h4 f6 12. Ne4 Bg4 13. f3 Be6 14. Be3 Rc8 15.
b3 Nd4 16. a4 O-O 17. O-O Qe8 18. f4 Bg4 19. Qd2 exf4 20. Bxf4 Ne2+ 21. Kh2
Nxf4 22. Qxf4 Qd7 23. Bf3 f5 24. Ng5 Bxg5 25. Qxg5 Qd4 26. Qf4 Bxf3 27. Qxf3
Qc3 28. Qf2 Rc6 29. Rae1 a6 30. Qg2 Rg6 31. Re2 f4 32. Qd5+ Kh7 33. Rxf4 Rxf4
34. gxf4 Qf6 35. Qxh5+ Rh6 36. Qg5 Rxh4+ 37. Kg3 Qxg5+ 38. fxg5 Rh1 39. Rg2 Kg6
40. Kf4 Rf1+ 41. Ke5 Rf5+ 42. Kd6 Rxg5 43. Rxg5+ Kxg5 44. Kxc5 Kf5 45. Kd6 g5
46. d4 g4 47. d5 g3 48. Kc7 g2 49. d6 g1=Q 50. d7 Qc5+ 51. Kxb7 Qd6 52. c4 Ke6
53. c5 0-1

[Event "Quebec-ch Senior"]
[Site "Montreal CAN"]
[Date "2024.04.21"]
[Round "4.2"]
[White "Duong, Thanh Nha"]
[Black "Page, Denis"]
[Result "1-0"]
[WhiteElo "2324"]
[BlackElo "1703"]
[PlyCount "69"]
[EventDate "2024.04.19"]
[EventType "swiss"]
[EventRounds "5"]
[EventCountry "CAN"]

1. d4 e6 2. g3 f5 3. Bg2 Nf6 4. b3 Be7 5. Bb2 O-O 6. Nd2 d5 7. Nh3 Ne4 8. Nxe4
fxe4 9. f3 exf3 10. exf3 c5 11. dxc5 Bxc5 12. Qd2 Qb6 13. f4 Nc6 14. a3 Bd7 15.
Ng5 Ne7 16. Bh3 Rad8 17. Nf3 Be3 18. Qb4 Bf2+ 19. Kf1 Bb5+ 20. Kg2 Bc5 21. Qe1
Nf5 22. Bxf5 exf5 23. Qe5 d4 24. b4 Bc6 25. Qxc5 Qa6 26. Rhe1 Rd5 27. Qe7 Qa4
28. Qe6+ Kh8 29. Qe2 Re8 30. Qd2 Re3 31. Rxe3 dxe3 32. Qc3 Qxc2+ 33. Qxc2 Rd2+
34. Qxd2 exd2 35. Rd1 1-0

[Event "RA Winter op"]
[Site "Ottawa CAN"]
[Date "2024.01.19"]
[Round "1.10"]
[White "Duong, Thanh Nha"]
[Black "Kellar, Ben"]
[Result "1-0"]
[WhiteElo "2232"]
[BlackElo "1972"]
[PlyCount "137"]
[EventDate "2024.01.19"]
[EventType "swiss"]
[EventRounds "5"]
[EventCountry "CAN"]

1. Nf3 d5 2. d4 c6 3. g3 Nf6 4. Bg2 g6 5. O-O Bg7 6. c4 O-O 7. cxd5 cxd5 8. Nc3
Nc6 9. Ne5 Nxe5 10. dxe5 Ng4 11. Nxd5 Nxe5 12. Bg5 f6 13. Bf4 Kh8 14. Bxe5 fxe5
15. Qb3 e6 16. Nc3 Rb8 17. Rad1 Qe7 18. h4 b5 19. Ne4 Rb6 20. Ng5 h6 21. Ne4
Bb7 22. Qd3 b4 23. b3 Bd5 24. Rc1 Rd8 25. Rfd1 Rbb8 26. Qa6 Bf8 27. e3 Qf7 28.
Qe2 Rdc8 29. Qb2 Qf5 30. Nd2 Bxg2 31. Kxg2 Bc5 32. Nf3 Bf8 33. Qxe5+ Bg7 34.
Qxf5 exf5 35. Rxc8+ Rxc8 36. h5 gxh5 37. Rd5 Rc2 38. Ra5 Bf8 39. Rxa7 Bc5 40.
Rc7 Rc3 41. Ne5 Bd4 42. Nc4 Bf6 43. Rf7 Bg7 44. Rxf5 Rc2 45. Ra5 Bc3 46. Nd6
Be1 47. Ne4 Kg7 48. Ra6 Rc7 49. f4 Rc2+ 50. Kf3 h4 51. gxh4 Bxh4 52. Kg4 Bd8
53. Ra7+ Kf8 54. Ra8 Ke7 55. Ng3 Bb6 56. e4 Rg2 57. Kh3 Rf2 58. Nf5+ Kd7 59.
Kg3 h5 60. Ra6 Bc5 61. Ra5 Rc2 62. e5 Bb6 63. Rb5 Kc6 64. Rxb4 Rxa2 65. Ne7+
Kc5 66. Rc4+ Kb5 67. Nd5 Bf2+ 68. Kf3 Be1 69. Nc3+ 1-0

[Event "RA Winter op"]
[Site "Ottawa CAN"]
[Date "2024.01.20"]
[Round "2.6"]
[White "Jolicoeur, Jacob"]
[Black "Duong, Thanh Nha"]
[Result "0-1"]
[WhiteElo "1926"]
[BlackElo "2232"]
[PlyCount "76"]
[EventDate "2024.01.19"]
[EventType "swiss"]
[EventRounds "5"]
[EventCountry "CAN"]

1. e4 e5 2. Nf3 Nf6 3. Nxe5 d6 4. Nf3 Nxe4 5. Nc3 Nxc3 6. dxc3 Be7 7. Bd3 Nd7
8. Be3 d5 9. Qd2 Nc5 10. Bxc5 Bxc5 11. O-O-O O-O 12. h4 h6 13. Qf4 Bd6 14. Qa4
c6 15. c4 Be6 16. cxd5 cxd5 17. Nd4 Qf6 18. Nxe6 fxe6 19. Rhe1 a6 20. Qd7 Be5
21. c3 Rf7 22. Qa4 Rc8 23. Kb1 Rc6 24. Re2 Rb6 25. Kc2 Rc6 26. Kb1 Rfc7 27.
Rde1 Bxc3 28. bxc3 Rb6+ 29. Kc1 Qxc3+ 30. Bc2 Qb2+ 31. Kd1 Qa1+ 32. Kd2 Qc3+
33. Kc1 Rcc6 34. Re3 Qb2+ 35. Kd2 Rb4 36. Rb1 Qd4+ 37. Bd3 Rxa4 38. Rxb7 Rxa2+
0-1

[Event "RA Winter op"]
[Site "Ottawa CAN"]
[Date "2024.01.21"]
[Round "4.2"]
[White "Duong, Thanh Nha"]
[Black "Lin, Leo"]
[Result "0-1"]
[WhiteElo "2232"]
[BlackElo "2241"]
[PlyCount "157"]
[EventDate "2024.01.19"]
[EventType "swiss"]
[EventRounds "5"]
[EventCountry "CAN"]

1. Nf3 d6 2. c4 e5 3. d3 f5 4. Nc3 Nf6 5. e3 c6 6. Be2 Be7 7. O-O O-O 8. Rb1
Qe8 9. b4 Qg6 10. Kh1 Be6 11. Ne1 Nbd7 12. Nc2 Qh6 13. d4 e4 14. d5 cxd5 15.
Nd4 Ng4 16. Bxg4 fxg4 17. Nxe6 g3 18. fxg3 Rxf1+ 19. Qxf1 Qxe6 20. Nxd5 Rf8 21.
Qe2 Ne5 22. Bb2 Nd3 23. Bd4 Bd8 24. a4 Rf2 25. Qd1 Qf7 26. Kg1 Ra2 27. Nf4 Nxf4
28. gxf4 Qg6 29. Bb2 Bf6 30. Qb3 Rxb2 31. Rxb2 Bxb2 32. Qxb2 h6 33. Qd4 b6 34.
Qd5+ Kh7 35. f5 Qg4 36. h3 Qh4 37. Kh2 Qe7 38. Qe6 Qc7 39. Kg1 Qc6 40. b5 Qc5
41. Qxe4 Kh8 42. Kh2 Qb4 43. Qe8+ Kh7 44. Qg6+ Kh8 45. f6 gxf6 46. Qxh6+ Kg8
47. Qg6+ Kh8 48. Qxf6+ Kg8 49. Qe6+ Kg7 50. h4 Qc5 51. Qg4+ Kh7 52. Qe4+ Kh6
53. Qf4+ Kh7 54. g4 Qb4 55. Qe4+ Kg8 56. h5 Qe1 57. Kg2 Qe2+ 58. Kg3 Qe1+ 59.
Kf4 Qh4 60. Qg6+ Kf8 61. Qxd6+ Kf7 62. Qc7+ Ke8 63. Qb8+ Kf7 64. Qxa7+ Kf8 65.
Qb8+ Ke7 66. Qe5+ Kf7 67. Qf5+ Ke8 68. Qe6+ Kf8 69. Qxb6 Qh2+ 70. Kf5 Qc2+ 71.
Kg5 Qxc4 72. Qd6+ Kg8 73. Qd8+ Kf7 74. Qd7+ Kf8 75. h6 Qb3 76. Qg7+ Ke8 77.
Qe5+ Kf7 78. h7 Qa3 79. Qf6+ 0-1

[Event "RA Winter op"]
[Site "Ottawa CAN"]
[Date "2024.01.21"]
[Round "5.2"]
[White "Adam, Rafael"]
[Black "Duong, Thanh Nha"]
[Result "1-0"]
[WhiteElo "2262"]
[BlackElo "2232"]
[PlyCount "77"]
[EventDate "2024.01.19"]
[EventType "swiss"]
[EventRounds "5"]
[EventCountry "CAN"]

1. Nf3 Nf6 2. g3 g6 3. Bg2 Bg7 4. O-O O-O 5. c4 c6 6. d4 d5 7. Qb3 dxc4 8. Qxc4
Na6 9. Nc3 Be6 10. Qa4 c5 11. Rd1 Bd7 12. Qb3 cxd4 13. Nxd4 Nc5 14. Qa3 Qb6 15.
Be3 Na6 16. Nc6 Qc7 17. Nb5 Qxc6 18. Bxc6 Bxc6 19. Nc3 Ng4 20. Bg5 e6 21. Rac1
h6 22. Bd2 Bd4 23. Be1 Bb6 24. b4 Nc7 25. b5 Nxb5 26. Nxb5 Bxb5 27. Qb4 Bxe2
28. Rd2 Bf3 29. Qf4 Nxf2 30. Bxf2 Bxf2+ 31. Kxf2 Bc6 32. Qxh6 e5 33. h4 Rfe8
34. Rd6 e4 35. h5 e3+ 36. Ke1 Be4 37. hxg6 Bxg6 38. Rxg6+ fxg6 39. Rc7 1-0

[Event "Pere Noel"]
[Site "Montreal CAN"]
[Date "2023.12.27"]
[Round "1.6"]
[White "Guillemette, Thomas"]
[Black "Duong, Thanh Nha"]
[Result "0-1"]
[WhiteElo "1888"]
[BlackElo "2273"]
[PlyCount "64"]
[EventDate "2023.12.27"]
[EventType "swiss"]
[EventRounds "5"]
[EventCountry "CAN"]

1. e4 c5 2. c3 d5 3. exd5 Qxd5 4. Nf3 Nf6 5. Na3 Bg4 6. Be2 Nc6 7. O-O e5 8.
Nc2 e4 9. Ne3 Qd6 10. Ne1 Bxe2 11. Qxe2 O-O-O 12. a3 Ne5 13. b4 h5 14. bxc5 Qc7
15. Nf5 Neg4 16. Nd6+ Bxd6 17. cxd6 Qxd6 18. f4 h4 19. Rb1 h3 20. g3 Qc5+ 21.
Kh1 Qd5 22. Qb5 Qxb5 23. Rxb5 e3 24. Nf3 e2 25. Re1 Nf2+ 26. Kg1 Nd3 27. Rxe2
Nxc1 28. Re7 Rd7 29. Rxd7 Nxd7 30. Ne5 Nxe5 31. Rxe5 Nd3 32. Ra5 Re8 0-1

[Event "Pere Noel"]
[Site "Montreal CAN"]
[Date "2023.12.28"]
[Round "2.6"]
[White "Duong, Thanh Nha"]
[Black "Di Matteo, Alessio"]
[Result "1-0"]
[WhiteElo "2273"]
[BlackElo "2035"]
[PlyCount "55"]
[EventDate "2023.12.27"]
[EventType "swiss"]
[EventRounds "5"]
[EventCountry "CAN"]

1. c4 e5 2. g3 c6 3. d4 e4 4. Nc3 d5 5. Bg2 Nf6 6. Bg5 Bb4 7. Qb3 Bxc3+ 8. bxc3
Nbd7 9. cxd5 cxd5 10. c4 O-O 11. c5 h6 12. Bf4 Re8 13. Nh3 Qa5+ 14. Bd2 Qa6 15.
Nf4 Qc6 16. Rc1 g5 17. Nh3 Nf8 18. O-O Be6 19. f3 Rad8 20. Nf2 Ng6 21. Nd1 Kg7
22. Ne3 Rh8 23. Rb1 Rd7 24. f4 gxf4 25. gxf4 Bg4 26. f5 Nh4 27. Nxg4 Nxg4 28.
Qg3 1-0

[Event "Pere Noel"]
[Site "Montreal CAN"]
[Date "2023.12.29"]
[Round "3.6"]
[White "Batorshyn, Ilia	"]
[Black "Duong, Thanh Nha"]
[Result "0-1"]
[WhiteElo "2211"]
[BlackElo "2273"]
[PlyCount "68"]
[EventDate "2023.12.27"]
[EventType "swiss"]
[EventRounds "5"]
[EventCountry "CAN"]

1. e4 e5 2. Nf3 Nf6 3. Nxe5 d6 4. Nf3 Nxe4 5. Nc3 Nxc3 6. dxc3 Be7 7. Bf4 O-O
8. Qd2 Nd7 9. O-O-O Nc5 10. Kb1 Re8 11. Bc4 Be6 12. Bxe6 Nxe6 13. Be3 Nc5 14.
h4 Bf6 15. g4 Ne4 16. Qd3 g6 17. g5 Bg7 18. h5 c5 19. Rh4 Qe7 20. Re1 d5 21.
Reh1 Qe6 22. hxg6 hxg6 23. Ne1 Rad8 24. Rh7 Kf8 25. R7h2 Qb6 26. Ka1 Qa5 27. f3
Nxc3 28. bxc3 Qxc3+ 29. Qxc3 Bxc3+ 30. Kb1 Rxe3 31. Nd3 c4 32. Nc5 b6 33. Nb7
Rd7 34. Rh8+ Bxh8 0-1

[Event "Pere Noel"]
[Site "Montreal CAN"]
[Date "2023.12.30"]
[Round "4.1"]
[White "Duong, Thanh Nha"]
[Black "Druska, Juraj"]
[Result "0-1"]
[WhiteElo "2273"]
[BlackElo "2417"]
[PlyCount "110"]
[EventDate "2023.12.27"]
[EventType "swiss"]
[EventRounds "5"]
[EventCountry "CAN"]

1. Nf3 c5 2. e4 Nc6 3. Bb5 g6 4. O-O Bg7 5. Bxc6 dxc6 6. d3 Nf6 7. Nc3 O-O 8.
Be3 b6 9. h3 e5 10. Nd2 Nh5 11. a4 a5 12. Nc4 Be6 13. Qc1 Nf4 14. Bxf4 exf4 15.
Qxf4 Bxc4 16. dxc4 Qd4 17. Qc7 Rfc8 18. Qg3 Qxc4 19. e5 Qd4 20. Rfe1 Re8 21.
Qf3 Qd7 22. Qg3 Qf5 23. f4 g5 24. Qxg5 Qxg5 25. fxg5 Bxe5 26. Rab1 Kg7 27. Ne4
Re6 28. Kf2 Rd8 29. Kf3 Rd5 30. b3 Bc7 31. g4 Bd8 32. h4 h6 33. gxh6+ Kxh6 34.
g5+ Kg6 35. Re2 Bc7 36. Kg4 c4 37. h5+ Kg7 38. Rf1 Rd4 39. Rfe1 cxb3 40. cxb3
Bd6 41. Re3 Bb4 42. h6+ Kg6 43. R1e2 Bd2 44. h7 Kxh7 45. Rh3+ Kg7 46. Kf3 Rd3+
47. Kg4 Rxh3 48. Kxh3 Bb4 49. Kg4 Re7 50. Kf3 Rd7 51. Ng3 Rd3+ 52. Kg4 Rxb3 53.
Nf5+ Kf8 54. Rh2 Ke8 55. Re2+ Kd7 0-1

[Event "Pere Noel"]
[Site "Montreal CAN"]
[Date "2023.12.30"]
[Round "5.6"]
[White "Chouchane, Amine"]
[Black "Duong, Thanh Nha"]
[Result "0-1"]
[WhiteElo "2000"]
[BlackElo "2273"]
[PlyCount "65"]
[EventDate "2023.12.27"]
[EventType "swiss"]
[EventRounds "5"]
[EventCountry "CAN"]

1. e4 c5 2. Nf3 Nc6 3. d4 cxd4 4. Nxd4 Nf6 5. Nc3 d6 6. Bg5 e6 7. Qd2 a6 8.
O-O-O h6 9. Bh4 Nxe4 10. Qf4 Ng5 11. Nxc6 bxc6 12. Ne4 e5 13. Qe3 Be7 14. f4
exf4 15. Qxf4 Nxe4 16. Qxe4 d5 17. Qe5 Kf8 18. Bxe7+ Qxe7 19. Qc3 Qd6 20. Be2
h5 21. Rhf1 Rh6 22. Rd3 h4 23. Rfd1 Be6 24. Rd4 Kg8 25. Bg4 Rf8 26. Qh3 Bxg4
27. Rxg4 Qe7 28. Qc3 f5 29. Rf4 Re6 30. a3 g6 31. Kb1 c5 32. Qd3 d4 33. Qc4 {
Black won in 53 moves. Les Noirs ont gagné en 53 coups.} 0-1

[Event "Pion Frigant"]
[Site "Contrecoeur CAN"]
[Date "2023.10.06"]
[Round "1.5"]
[White "Li, Yi Lin"]
[Black "Duong, Thanh Nha"]
[Result "0-1"]
[WhiteElo "2001"]
[BlackElo "2245"]
[PlyCount "86"]
[EventDate "2023.10.06"]
[EventType "swiss"]
[EventRounds "5"]
[EventCountry "CAN"]

1. e4 c5 2. Nf3 Nc6 3. d4 cxd4 4. Nxd4 Nf6 5. Nc3 d6 6. Be2 e5 7. Nb3 a5 8. Be3
a4 9. Nc1 a3 10. Rb1 Be7 11. bxa3 O-O 12. Bb6 Qd7 13. f3 Bd8 14. Be3 Ba5 15.
Bd2 Nd4 16. Nb3 Bb6 17. Bg5 Qc6 18. Qd3 Be6 19. Nxd4 Bxd4 20. Nb5 Bc5 21. Bxf6
gxf6 22. c4 Ra4 23. Rc1 Rfa8 24. Bd1 Bxc4 25. Rxc4 Rxc4 26. a4 Rc1 27. Kd2 Bb4+
28. Ke2 Ra1 29. Qb3 Ba5 30. h4 Qc1 31. Kf2 Qd2+ 32. Kg3 Rxa2 33. Rh2 Qf4+ 34.
Kh3 Be1 35. Qxf7+ Kxf7 36. Nxd6+ Kf8 37. Nf5 Rd8 38. Bb3 Rb2 39. Bc4 Rdd2 40.
Bf1 h5 41. Rh1 Rb3 42. Be2 Rxe2 43. Rf1 Qg4+ 0-1

[Event "Pion Frigant"]
[Site "Contrecoeur CAN"]
[Date "2023.10.07"]
[Round "3.4"]
[White "Zheng, Richard"]
[Black "Duong, Thanh Nha"]
[Result "1-0"]
[WhiteElo "2289"]
[BlackElo "2245"]
[PlyCount "85"]
[EventDate "2023.10.06"]
[EventType "swiss"]
[EventRounds "5"]
[EventCountry "CAN"]

1. d4 Nf6 2. Bg5 e6 3. e4 h6 4. Bxf6 Qxf6 5. c3 d6 6. Bd3 g6 7. Ne2 Bg7 8. O-O
e5 9. f4 exd4 10. cxd4 Nc6 11. e5 dxe5 12. dxe5 Qd8 13. Nbc3 O-O 14. Be4 Ne7
15. Qxd8 Rxd8 16. Rad1 Rxd1 17. Rxd1 Be6 18. Nd4 Rd8 19. Kf2 Bg4 20. Bf3 Bxf3
21. Kxf3 g5 22. g3 Kh7 23. Ndb5 Rxd1 24. Nxd1 gxf4 25. gxf4 f6 26. exf6 Bxf6
27. Nxc7 Kg6 28. b3 Nc6 29. Nd5 Bd4 30. Ke4 Bg1 31. h3 Nd4 32. N1e3 Ne2 33. f5+
Kg7 34. f6+ Kf7 35. Nf5 Bc5 36. Nxh6+ Ke6 37. Nf5 Nc1 38. Ng7+ Kf7 39. Kf5 Nxa2
40. Ne6 Bd6 41. Ng5+ Kf8 42. Ke6 Bc5 43. Ne7 1-0

[Event "Pion Frigant"]
[Site "Contrecoeur CAN"]
[Date "2023.10.08"]
[Round "4.6"]
[White "Duong, Thanh Nha"]
[Black "Deboosere, Adam"]
[Result "1/2-1/2"]
[WhiteElo "2245"]
[BlackElo "2016"]
[PlyCount "108"]
[EventDate "2023.10.06"]
[EventType "swiss"]
[EventRounds "5"]
[EventCountry "CAN"]

1. e4 c6 2. c4 d5 3. cxd5 cxd5 4. exd5 Nf6 5. Bb5+ Bd7 6. Bc4 b5 7. Bb3 a5 8.
a3 Bg4 9. f3 Bc8 10. Nc3 Ba6 11. d4 g6 12. Nge2 Bg7 13. Nf4 O-O 14. Be3 Nbd7
15. Ne4 Nb6 16. Nc5 Nfxd5 17. Nxd5 Nxd5 18. Bf2 Bh6 19. g3 a4 20. Bc2 Ne3 21.
Qd3 Qa5+ 22. Ke2 Nxc2 23. Qxc2 b4+ 24. Nxa6 Qxa6+ 25. Qd3 Qe6+ 26. Be3 Rfc8 27.
f4 b3 28. Rac1 Qd5 29. Bf2 Rc6 30. Rxc6 Qxc6 31. d5 Qc7 32. Bd4 Bg7 33. Bxg7
Kxg7 34. Rd1 Kg8 35. Qd4 Qd7 36. Rd2 Rc8 37. Ke3 Qb5 38. Qd3 Qd7 39. Kf3 Rc1
40. g4 Rg1 41. f5 Qc8 42. Qd4 Qc1 43. f6 Qf1+ 44. Rf2 Qh3+ 45. Ke2 exf6 46. d6
Rxg4 47. Qd3 Qh5 48. Kf1 Qg5 49. d7 Rg1+ 50. Ke2 Qe5+ 51. Kf3 Qh5+ 52. Ke3 Qe5+
53. Kf3 Qh5+ 54. Ke3 Qe5+ 1/2-1/2